000 00500nam a2200145 i 4500
001 147760
003 ES-MaACL
007 t|
008 071005s1915 xxk ||||1| eng d
100 1 _aUsher, Roland Greene.
_9112303
245 1 0 _aPan-Americanism
_b: a forecast of de inevitable clash between the United States and Europe's victor /
_cby Green Roland Usher.
260 _aLondon :
_b[s.n.],
_c[s.a.] (
_fContable & Company,
_g1915)
300 _aXIX, 466 p. ;
_c22 cm.
852 _aES-MaACL
_jB-369
999 _c147760
_d147760